000 00841nam a2200229 i 4500
001 49297
003 ES-MaACL
005 20250604062622.0
007 t|
008 030714s1966 sp ||||1| spa d
100 1 _aCortés Cavanillas, Julián.
_940878
245 1 0 _aAlfonso XIII
_b: vida, confesiones y muerte /
_cJulián Cortés Cavanillas ; prefacio de Winston S. Churchill ; prólogo de Ignacio Luca de Tena.
250 _a[1ª ed.].
260 _aBarcelona :
_bJuventud,
_c[1966]
300 _a368 p., 14 lám. ;
_c22 cm.
600 0 4 _aAlfonso
_bXIII,
_cRey de España
_9235132
651 4 _aEspaña-
_xHistoria-
_y1902-1931, Alfonso XIII
_98276
700 1 _aChurchill, Winston,
_cSir,
_d1874-1965
_938708
700 1 _aLuca de Tena, Juan Ignacio,
_d1897-1975
_974513
852 _aES-MaACL
_jC-30184
_bR.60483
999 _c49297
_d49297